Curiosidades de países 2 - Estadísticas

Estadísticas generales
  • Esta prueba ha sido intentada 74 veces
  • La puntuación promedio es 2 de 15
Estadísticas de respuestas
Curiosidad País % Correcto
En este país centroamericano no hay dirección postal Costa Rica
68%
En este país hay 3 pueblos que hablan neo-arameo occidental Siria
32%
País con mayor número de afectados de VIH del mundo per cápita Suazilandia
18%
En un lugar de este país se registró el mayor rango de temperatura Rusia
16%
Más del 50% de la población mundial de camaleones se encuentra en este países Madagascar
9%
En este país no se celebran los cumpleaños y los habitantes no saben cuando es el suyo Bután
7%
El 30% de los nacimientos de este país son en sus propias casas Países Bajos
5%
País que consta de la mayor bodega del mundo Moldavia
4%
Este país es el principal proveedor de enfermeras del mundo Filipinas
2%
En este país se celebró la primera reunión de gabinete del mundo bajo el agua Maldivas
2%
Muchas de las iglesias de este país tienen dos relojes en el exterior Malta
2%
País con la tasa de suicidio más baja del mundo Barbados
0%
Este país es el menos propenso a un desastre natural Catar
0%
País que es el mayor productor mundial de dientes postizos Liechtenstein
0%
El restaurante con la mayor carta de vinos se encuentra en este país Luxemburgo
0%
No se encontraron pruebas coincidentes
Distribución de puntuación
Porcentaje de gente con cada puntuación
Porcentaje por número respondido
Historial de tus puntuaciones
No has intentado esta prueba.